Hubungan antara gaya pembelajaran dengan pencapaian akademik pegawai kadet di Universiti Pertahanan Nasional Pertahanan
Saved in:
| Main Author: | |
|---|---|
| Format: | Book |
| Language: | Malay |
| Published: |
Sungai Besi
UTM-UPNM
2008
|
| Tags: |
Add Tag
No Tags, Be the first to tag this record!
|
| Call Number : | PSM FSTP .R67 2008 |
MARC
| LEADER | 00000pam a2200000 a 4500 | ||
|---|---|---|---|
| 001 | 28986 | ||
| 003 | MY-KLNDU | ||
| 005 | 20241218082714.0 | ||
| 008 | s2008 my d a 1 maydc | ||
| 035 | |a 0000040220 | ||
| 039 | 9 | |a 201002041448 |b aiza |y 200910121137 |z VLOAD | |
| 090 | 0 | 0 | |a PSM FSTP |b .R67 2008 |
| 100 | 0 | 0 | |a Rose Ellina binti Rosli |
| 245 | 1 | 0 | |a Hubungan antara gaya pembelajaran dengan pencapaian akademik pegawai kadet di Universiti Pertahanan Nasional Pertahanan |c Rose Ellina binti Rosli |
| 260 | 0 | 0 | |a Sungai Besi |b UTM-UPNM |c 2008 |
| 300 | |a xvii, 121p. |b ill. |c 30cm | ||
| 500 | 0 | 0 | |a Abstrak dalam bahasa Melayu dan bahasa Inggeris |
| 500 | 0 | 0 | |a Projek Sarjana Muda-Ijazah Sarjana Muda Pengurusan Teknologi, 2008 |
| 504 | 0 | 0 | |a Mengandungi rujukan bibliografi |
| 999 | |a vtls000039209 |c 28986 |d 28986 | ||